UBT Library

Excursions in modern mathematics / (Record no. 44328)

000 -LEADER
fixed length control field 00707cam a2200229 a 4500
001 - CONTROL NUMBER
control field 1070456
005 - DATE AND TIME OF LATEST TRANSACTION
control field 20180307085946.0
008 - FIXED-LENGTH DATA ELEMENTS--GENERAL INFORMATION
fixed length control field 910610s1992 njuabf b 001 0 eng
010 ## - LIBRARY OF CONGRESS CONTROL NUMBER
LC control number 91023215
020 ## - INTERNATIONAL STANDARD BOOK NUMBER
International Standard Book Number 0132982331 :
Terms of availability $29.00
040 ## - CATALOGING SOURCE
Original cataloging agency DLC
Transcribing agency DLC
Modifying agency DLC
041 ## - LANGUAGE CODE
Language code of text/sound track or separate title eng
080 ## - UNIVERSAL DECIMAL CLASSIFICATION NUMBER
Universal Decimal Classification number 510 TAN
082 00 - DEWEY DECIMAL CLASSIFICATION NUMBER
Classification number 510 TAN
Edition number 20
100 1# - Rafti
Rafti 37
101 ## - Shkurtesa
Shkurtesa MAT
245 10 - TITLE STATEMENT
Title Excursions in modern mathematics /
Statement of responsibility, etc Peter Tannenbaum, Robert Arnold.
504 ## - BIBLIOGRAPHY, ETC. NOTE
Bibliography, etc Includes bibliographical references and index.
906 ## - LOCAL DATA ELEMENT F, LDF (RLIN)
a 7
b cbc
c orignew
d 1
e ocip
f 19
g y-gencatlg
942 ## - ADDED ENTRY ELEMENTS (KOHA)
Source of classification or shelving scheme
Item type Books
Holdings
Withdrawn status Lost status Source of classification or shelving scheme Damaged status Not for loan Collection code Permanent location Current location Shelving location Date acquired Total Checkouts Full call number Barcode Date last seen Price effective from Koha item type
          Koleksioni i përgjithshem UBT - Lipjan UBT - Lipjan Koleksioni i përgjithshem 03/07/2018   510 TAN 002-3001258 03/07/2018 03/07/2018 Books
UBT Library © 2015-2024. All rights reserved University Education for Business and Technology